Using indicators for short-term property performance forecasting (Record no. 68286)
[ view plain ]
| 000 -LEADER | |
|---|---|
| fixed length control field | 00831cam a2200217 4500 |
| 001 - CONTROL NUMBER | |
| control field | ABS64492 |
| 008 - FIXED-LENGTH DATA ELEMENTS--GENERAL INFORMATION | |
| fixed length control field | 010918n2001 000 0 eng u |
| 035 ## - SYSTEM CONTROL NUMBER | |
| System control number | (Sirsi) u114622 |
| 100 ## - MAIN ENTRY--PERSONAL NAME | |
| Personal name | Matysiak, G. |
| 245 ## - TITLE STATEMENT | |
| Title | Using indicators for short-term property performance forecasting |
| 260 ## - PUBLICATION, DISTRIBUTION, ETC. | |
| Date of publication, distribution, etc. | 2001 |
| 490 ## - SERIES STATEMENT | |
| Series statement | Property Forecast |
| Volume/sequential designation | 4(9) September 2001, 10-12(3) |
| 520 ## - SUMMARY, ETC. | |
| Summary, etc. | Considers the work of the property analyst/forecaster, and the methods, tools and information sources available to him. Notes that there are a variety of quantitative models available which can assist with modelling and forecasting work. Graphs and tables. |
| 590 ## - LOCAL NOTE (RLIN) | |
| Local note | ABS |
| 650 ## - SUBJECT ADDED ENTRY--TOPICAL TERM | |
| Topical term or geographic name entry element | FORECASTING |
| 650 ## - SUBJECT ADDED ENTRY--TOPICAL TERM | |
| Topical term or geographic name entry element | PROPERTY ANALYSTS |
| 650 ## - SUBJECT ADDED ENTRY--TOPICAL TERM | |
| Topical term or geographic name entry element | MODELLING |
| 650 ## - SUBJECT ADDED ENTRY--TOPICAL TERM | |
| Topical term or geographic name entry element | INDICATORS |
| 690 ## - LOCAL SUBJECT ADDED ENTRY--TOPICAL TERM (OCLC, RLIN) | |
| Topical term or geographic name as entry element | PROPERTY-COMMERCIAL PROPERTY |
| 942 ## - ADDED ENTRY ELEMENTS (KOHA) | |
| Suppress in OPAC | 0 |
| Withdrawn status | Lost status | Source of classification or shelving scheme | Damaged status | Not for loan | Home library | Current library | Shelving location | Date acquired | Total Checkouts | Full call number | Barcode | Date last seen | Copy number | Price effective from | Koha item type |
|---|---|---|---|---|---|---|---|---|---|---|---|---|---|---|---|
| Dewey Decimal Classification | London | London | Journal article | 18/09/2001 | ABS64492 | 114622-1001 | 06/08/2019 | 1 | 06/08/2019 | Journal article |